| 000 | 01006cam a2200193 a 4500 | ||
|---|---|---|---|
| 040 | _cDLC | ||
| 082 | 0 | 0 | _a649 NAT 1981 C154 Or. |
| 100 | 1 | _aGilbertson, Esther. | |
| 245 | 1 | 2 | _aA better answer, a handbook for homemaker-home health aides working with persons with developmental disabilities and their families / |
| 260 |
_aNew York, N.Y. (67 Irving Place, New York 10003) : _bNational HomeCaring Council, _cc1981. |
||
| 300 |
_aix, 97 p. : _bill. ; _c26 cm. |
||
| 500 | _aCover title: A better answer, homemaker-home health aide services for the person with developmental disabilities and family--a handbook for aides. | ||
| 500 | _a"Published to complement A better answer, homemaker-home health aides working with persons with developmental disabilities and their families--a manual for instructors." | ||
| 650 | 0 | _aDevelopmentally disabled children | |
| 650 | 0 | _aDevelopmentally disabled children | |
| 700 | 1 | _aGilbertson, Esther. | |
| 710 | 2 | _aNational HomeCaring Council (U.S.) | |
| 942 | _cAEDBB | ||
| 999 |
_c18929 _d18929 |
||